Kecemerlangan Pentadbiran : Dasar Dan Amalan Dalam Islam / (Record no. 27201)

000 -LEADER
fixed length control field 00932nam a22002417a 4500
001 - CONTROL NUMBER
control field 0000002833
003 - CONTROL NUMBER IDENTIFIER
control field PPM
005 - DATE AND TIME OF LATEST TRANSACTION
control field 20260417102931.0
008 - FIXED-LENGTH DATA ELEMENTS--GENERAL INFORMATION
fixed length control field 260417b ||||| |||| 00| 0 eng d
020 ## - INTERNATIONAL STANDARD BOOK NUMBER
International Standard Book Number 9679933032
Terms of availability RM 18.00
Qualifying information Paperback
035 ## - SYSTEM CONTROL NUMBER
System control number 0000002833
040 ## - CATALOGING SOURCE
Language of cataloging Malay
Transcribing agency Pusat Penyelidikan Mineral, Jabatan Mineral Dan Geosains Malaysia
Modifying agency PPM
Description conventions RDA
082 00 - DEWEY DECIMAL CLASSIFICATION NUMBER
Edition number 19
Classification number 297.1975
Item number KEC 1991
245 10 - TITLE STATEMENT
Title Kecemerlangan Pentadbiran : Dasar Dan Amalan Dalam Islam /
Statement of responsibility, etc. diselenggarakan oleh Shafie Hj Mohd. Salleh, Mohd Affandi Hassan
250 ## - EDITION STATEMENT
Edition statement 2nd.ed.1
260 #1 - PUBLICATION, DISTRIBUTION, ETC.
Place of publication, distribution, etc. Kuala Lumpur :
Name of publisher, distributor, etc. Institut Tadbiran Awam Negara,
Date of publication, distribution, etc. 1991
300 00 - PHYSICAL DESCRIPTION
Extent xii, 213 pages .:
Other physical details illustrations .;
Dimensions 25 cm
650 10 - SUBJECT ADDED ENTRY--TOPICAL TERM
Topical term or geographic name entry element Public administration
General subdivision Religious aspects
650 20 - SUBJECT ADDED ENTRY--TOPICAL TERM
Topical term or geographic name entry element Administrative agencies
General subdivision Religious aspects
700 1# - ADDED ENTRY--PERSONAL NAME
Personal name Shafie Hj. Mohd. Salleh,
Relator term editor.
700 1# - ADDED ENTRY--PERSONAL NAME
Personal name Mohd. Affandi Hassan,
Dates associated with a name 1943-
Relator term editor
942 ## - ADDED ENTRY ELEMENTS (KOHA)
Source of classification or shelving scheme
Koha item type Books
Holdings
Withdrawn status Lost status Source of classification or shelving scheme Damaged status Not for loan Collection code Permanent Location Current Location Shelving location Date acquired Cost, normal purchase price Total Checkouts Full call number Date last seen Price effective from Koha item type
Available         Open Shelf PPM PPM Open Shelf 17/04/2026 18.00   297.1975 KEC 1991 17/04/2026 17/04/2026 Books